Classement 2021 des passeports 🛂 ouvrant le plus de portes - Statistiques

Statistiques générales
  • Ce quiz a Ă©tĂ© pris 188 fois
  • Le rĂ©sultat moyen est 42 sur 61
Statistiques - réponses
Rang Pays Nb de pays "ouverts" % Correct
6 France 186
98%
7 États-Unis 185
96%
4 Espagne 188
94%
1 Japon 191
94%
9 Canada 183
93%
6 Suède 186
92%
7 Suisse 185
92%
7 Norvège 185
91%
7 Royaume-Uni 185
91%
3 Allemagne 189
90%
19 Brésil 170
90%
4 Finlande 188
89%
4 Italie 188
89%
19 Argentine 170
87%
8 Australie 184
87%
7 Belgique 185
86%
3 Corée du Sud 189
85%
4 Luxembourg 188
85%
6 Portugal 186
85%
5 Autriche 187
84%
21 Andorre 167
83%
6 Irlande 186
83%
24 Mexique 159
83%
15 Monaco 174
83%
6 Pays-Bas 186
83%
11 Pologne 181
83%
5 Danemark 187
82%
7 Nouvelle-Zélande 185
82%
8 Grèce 184
79%
10 Hongrie 182
78%
15 Chili 174
77%
27 Vatican 153
77%
14 Liechtenstein 178
76%
11 Slovaquie 181
75%
11 Islande 181
74%
11 Lituanie 181
72%
8 République Tchèque 184
72%
20 Saint Marin 168
72%
12 Lettonie 180
71%
12 Slovénie 180
71%
18 Croatie 171
70%
13 Estonie 179
70%
18 Bulgarie 171
65%
8 Malte 184
62%
17 Roumanie 172
62%
2 Singapour 190
62%
23 Israël 161
54%
27 Uruguay 153
54%
15 Chypre 174
51%
16 Émirats Arabes Unis 173
50%
29 Costa Rica 150
37%
26 Bahamas 155
28%
14 Malaisie 178
26%
23 Barbade 161
20%
22 BruneĂŻ 166
20%
30 Saint Vincent et les Grenadines 148
20%
28 Antigua 151
15%
29 Trinité et Tobago 150
14%
28 Seychelles 151
13%
25 Saint Kitts et Nevis 156
9%
19 Hong Kong 170
8%
Aucun quiz correspondant
Distribution des résultats
% des personnes avec chaque résultat
Percentile par nombre de réponses
Votre historique - résultats
Vous n’avez pas pris ce quiz